000
00215nam a22000857a 4500
008
161206b xxu||||| |||| 00| 0 eng d
100
_9
1837
_a
Nosov.N
245
_a
The Mites of Flower Town
260
_a
Moscow
_b
Radussa
_c
1976
999
_c
4582
_d
4582